<?xml version="1.0" encoding="UTF-8"?>
<collection xmlns="http://www.loc.gov/MARC21/slim">
 <record>
  <leader>01219pam a22002778a 4500</leader>
  <controlfield tag="001">00045176</controlfield>
  <controlfield tag="005">20191107091133.0</controlfield>
  <controlfield tag="008">150423s2013                  ||||||Viesd</controlfield>
  <datafield tag="020" ind1="#" ind2="#">
   <subfield code="c">40000</subfield>
   <subfield code="a">9786045458136</subfield>
  </datafield>
  <datafield tag="041" ind1="0" ind2="#">
   <subfield code="a">Vie</subfield>
  </datafield>
  <datafield tag="082" ind1="1" ind2="4">
   <subfield code="b">H561D</subfield>
   <subfield code="a">372.5</subfield>
  </datafield>
  <datafield tag="100" ind1="#" ind2="#">
   <subfield code="a">Bạch, Ngọc Diệp</subfield>
  </datafield>
  <datafield tag="245" ind1="0" ind2="0">
   <subfield code="a">Hướng dẫn dạy học Mĩ thuật lớp 1 theo Chương trình giáo dục phổ thông mới</subfield>
   <subfield code="c">Bạch Ngọc Diệp; Phan Hồng Sơn</subfield>
  </datafield>
  <datafield tag="260" ind1="#" ind2="#">
   <subfield code="a">Hà Nội</subfield>
   <subfield code="b">Đại học sư phạm</subfield>
   <subfield code="c">2019</subfield>
  </datafield>
  <datafield tag="300" ind1="#" ind2="#">
   <subfield code="a">80 tr.</subfield>
   <subfield code="c">24 cm.</subfield>
  </datafield>
  <datafield tag="653" ind1="#" ind2="#">
   <subfield code="a">Chương trình</subfield>
  </datafield>
  <datafield tag="653" ind1="#" ind2="#">
   <subfield code="a">Giáo dục phổ thông mới</subfield>
  </datafield>
  <datafield tag="653" ind1="#" ind2="#">
   <subfield code="a">Nghệ thuật</subfield>
  </datafield>
  <datafield tag="653" ind1="#" ind2="#">
   <subfield code="a">Mĩ thuật</subfield>
  </datafield>
  <datafield tag="653" ind1="#" ind2="#">
   <subfield code="a">Giáo dục tiểu học</subfield>
  </datafield>
  <datafield tag="653" ind1="#" ind2="#">
   <subfield code="a">Giáo án</subfield>
  </datafield>
  <datafield tag="653" ind1="#" ind2="#">
   <subfield code="a">Lớp 1</subfield>
  </datafield>
  <datafield tag="700" ind1="1" ind2="#">
   <subfield code="a">Phan, Hồng Sơn</subfield>
  </datafield>
  <datafield tag="852" ind1="#" ind2="#">
   <subfield code="j">KGT.0059641</subfield>
   <subfield code="j">KGT.0059804</subfield>
   <subfield code="j">KGT.0059805</subfield>
   <subfield code="j">KGT.0059806</subfield>
   <subfield code="j">KGT.0059807</subfield>
   <subfield code="j">KGT.0059808</subfield>
   <subfield code="j">KGT.0059809</subfield>
   <subfield code="j">KGT.0059810</subfield>
   <subfield code="j">KGT.0059811</subfield>
   <subfield code="j">KGT.0059812</subfield>
   <subfield code="j">KGT.0059813</subfield>
   <subfield code="j">KGT.0059814</subfield>
   <subfield code="j">KGT.0059815</subfield>
   <subfield code="j">KGT.0059816</subfield>
   <subfield code="j">KGT.0059817</subfield>
   <subfield code="j">KGT.0059818</subfield>
   <subfield code="j">KGT.0059819</subfield>
   <subfield code="j">KGT.0058709</subfield>
   <subfield code="j">KGT.0058710</subfield>
   <subfield code="j">KD.0026639</subfield>
  </datafield>
  <datafield tag="910" ind1="#" ind2="#">
   <subfield code="d">7/11/2019</subfield>
  </datafield>
  <datafield tag="980" ind1="#" ind2="#">
   <subfield code="a">Trung tâm Học liệu Lê Vũ Hùng, Trường Đại học Đồng Tháp</subfield>
  </datafield>
 </record>
</collection>
